RESEARCH METHODOLOGY AND STATISTICAL QUANTITATIVE MATHODS (Record no. 208523)

MARC details
000 -LEADER
fixed length control field 00334nam a2200133Ia 4500
008 - FIXED-LENGTH DATA ELEMENTS--GENERAL INFORMATION
fixed length control field 220928s9999 xx 000 0 und d
082 ## - DEWEY DECIMAL CLASSIFICATION NUMBER
Item number TAT
100 ## - MAIN ENTRY--PERSONAL NAME
Personal name TATKE, JAYANT
245 #0 - TITLE STATEMENT
Title RESEARCH METHODOLOGY AND STATISTICAL QUANTITATIVE MATHODS
260 ## - PUBLICATION, DISTRIBUTION, ETC.
Name of publisher, distributor, etc. SCDL, PUNE
Date of publication, distribution, etc. 2013
300 ## - PHYSICAL DESCRIPTION
Extent 376
650 ## - SUBJECT ADDED ENTRY--TOPICAL TERM
Topical term or geographic name entry element Mathematics
942 ## - ADDED ENTRY ELEMENTS (KOHA)
Koha item type Book
Holdings
Withdrawn status Lost status Damaged status Not for loan Home library Current library Shelving location Date acquired Total Checkouts Total Renewals Barcode Date last seen Date last checked out Price effective from Koha item type Public note
        Mewar University Central Library Mewar University Central Library Donated 17/12/2021 3   DN2657 24/06/2024 09/09/2023 17/12/2021 Book Management & Commerce R-33 S-1